[Event "Ch France 2018"]
[Site "?"]
[Date "2018.08.20"]
[Round "3.3"]
[White "Bauer, Christian"]
[Black "Le Roux, Jean-Pierre"]
[Result "1/2-1/2"]
[BlackElo "2539"]
[WhiteElo "2636"]
[LiveChessVersion "1.4.8"]

1. Nf3 {[%clk 1:30:57]} Nf6 {[%clk 1:27:24]} 2. c4 {[%clk 1:30:51]} d6
{[%clk 1:24:08]} 3. Nc3 {[%clk 1:28:33]} e5 {[%clk 1:22:10]} 4. d4
{[%clk 1:21:32]} exd4 {[%clk 1:21:31]} 5. Nxd4 {[%clk 1:21:56]} g6
{[%clk 1:21:44]} 6. g3 {[%clk 1:20:07]} Bg7 {[%clk 1:17:30]} 7. Bg2
{[%clk 1:20:14]} O-O {[%clk 1:17:20]} 8. O-O {[%clk 1:20:40]} Re8
{[%clk 1:16:42]} 9. Rb1 {[%clk 1:14:13]} Nbd7 {[%clk 1:11:19]} 10. e4
{[%clk 1:08:19]} Nc5 {[%clk 1:07:43]} 11. f3 {[%clk 1:01:45]} c6 {[%clk 0:53:48]}
12. Be3 {[%clk 0:56:45]} d5 {[%clk 0:50:20]} 13. Nc2 {[%clk 0:42:24]} Na6
{[%clk 0:47:16]} 14. cxd5 {[%clk 0:39:26]} cxd5 {[%clk 0:46:24]} 15. Bg5
{[%clk 0:29:53]} Qb6+ {[%clk 0:44:51]} 16. Kh1 {[%clk 0:29:59]} Nc7
{[%clk 0:39:46]} 17. Be3 {[%clk 0:13:27]} Qa6 {[%clk 0:39:12]} 18. Bd4
{[%clk 0:11:51]} dxe4 {[%clk 0:14:08]} 19. fxe4 {[%clk 0:12:17]} Bg4
{[%clk 0:13:38]} 20. Qc1 {[%clk 0:11:30]} Nh5 {[%clk 0:06:14]} 21. Bxg7
{[%clk 0:10:32]} Kxg7 {[%clk 0:06:15]} 22. Qg5 {[%clk 0:05:38]} Qe6
{[%clk 0:04:59]} 23. Nd4 {[%clk 0:01:39]} Qe5 {[%clk 0:04:03]} 24. Nf5+
{[%clk 0:00:42]} Bxf5 {[%clk 0:04:17]} 25. exf5 {[%clk 0:01:12]} Nf6
{[%clk 0:03:31]} 26. Qh4 {[%clk 0:01:02]} Rad8 {[%clk 0:03:10]} 27. fxg6
{[%clk 0:01:01]} hxg6 {[%clk 0:03:05]} 28. Rbe1 {[%clk 0:01:27]} Qd4
{[%clk 0:01:26]} 29. Rxe8 {[%clk 0:01:39]} Ncxe8 {[%clk 0:01:20]} 30. Qxd4
{[%clk 0:00:36]} Rxd4 {[%clk 0:01:46]} 31. Kg1 {[%clk 0:00:35]} Nd6
{[%clk 0:01:55]} 32. Rd1 {[%clk 0:00:47]} Rxd1+ {[%clk 0:02:10]} 33. Nxd1
{[%clk 0:01:16]} Ng4 {[%clk 0:02:16]} 34. h3 {[%clk 0:01:26]} Ne5
{[%clk 0:02:42]} 35. Kf2 {[%clk 0:01:40]} Kf6 {[%clk 0:02:46]} 36. Ke2
{[%clk 0:01:33]} Nd7 {[%clk 0:02:01]} 37. Ne3 {[%clk 0:00:38]} Ke5
{[%clk 0:02:16]} 38. h4 {[%clk 0:00:43]} Nc5 {[%clk 0:00:45]} 39. Bf3
{[%clk 0:00:46]} f5 {[%clk 0:00:34]} 40. g4 {[%clk 0:00:46]} fxg4
{[%clk 0:00:34]} 41. Nxg4+ {[%clk 0:23:17]} Kd4 {[%clk 0:26:30]} 42. Ne3
{[%clk 0:21:31]} Ne6 {[%clk 0:24:35]} 43. Ng2 {[%clk 0:13:43]} Ke5
{[%clk 0:22:52]} 44. Kd2 {[%clk 0:11:20]} Nd4 {[%clk 0:20:17]} 45. Bd1
{[%clk 0:11:49]} Ne4+ {[%clk 0:18:38]} 46. Kc1 {[%clk 0:05:16]} Nf6
{[%clk 0:18:47]} 47. Kd2 {[%clk 0:05:12]} b6 {[%clk 0:17:32]} 48. Ne1
{[%clk 0:04:03]} Nf5 {[%clk 0:09:00]} 49. Ng2 {[%clk 0:04:17]} Nd4
{[%clk 0:07:10]} 50. Ne1 {[%clk 0:04:31]} Ne4+ {[%clk 0:06:03]} 51. Kc1
{[%clk 0:04:47]} Ng3 {[%clk 0:06:04]} 52. Nd3+ {[%clk 0:02:46]} Ke4
{[%clk 0:05:57]} 53. Nf2+ {[%clk 0:03:08]} Kf4 {[%clk 0:04:43]} 54. Nd3+
{[%clk 0:03:06]} Ke4 {[%clk 0:04:02]} 55. Nf2+ {[%clk 0:03:32]} Ke5
{[%clk 0:02:28]} 56. Nd3+ {[%clk 0:03:11]} Kf6 {[%clk 0:02:32]} 57. Nf4
{[%clk 0:02:54]} Ndf5 {[%clk 0:02:12]} 58. h5 {[%clk 0:03:11]} g5
{[%clk 0:02:32]} 59. Nh3 {[%clk 0:02:06]} Nh6 {[%clk 0:02:24]} 60. Nf2
{[%clk 0:02:07]} Kf5 {[%clk 0:02:24]} 61. Kd2 {[%clk 0:00:52]} Ne4+
{[%clk 0:02:06]} 62. Nxe4 {[%clk 0:01:06]} Kxe4 {[%clk 0:02:33]} 63. Kc3
{[%clk 0:01:03]} g4 {[%clk 0:02:15]} 64. Ba4 {[%clk 0:01:15]} Kf4
{[%clk 0:01:00]} 65. Bc6 {[%clk 0:01:19]} Kg5 66. Kc4 Nf5 {[%clk 0:01:05]} 67.
Ba8 {[%clk 0:01:57]} Kxh5 {[%clk 0:00:39]} 68. Kb5 {[%clk 0:02:16]} Nh4
{[%clk 0:00:37]} 69. Ka6 {[%clk 0:02:43]} Nf3 {[%clk 0:00:41]} 70. Kxa7
{[%clk 0:02:44]} Kg5 {[%clk 0:00:54]} 71. Bd5 {[%clk 0:02:09]} Kf4
{[%clk 0:00:58]} 72. Be6 {[%clk 0:02:38]} g3 {[%clk 0:01:08]} 73. Bh3
{[%clk 0:03:08]} Ke3 {[%clk 0:00:49]} 74. a4 {[%clk 0:03:11]} Kf2
{[%clk 0:00:35]} 75. Kxb6 {[%clk 0:03:09]} Ng5 {[%clk 0:00:54]} 76. a5
{[%clk 0:03:35]} Nxh3 {[%clk 0:01:11]} 77. a6 {[%clk 0:04:05]} g2
{[%clk 0:01:32]} 78. a7 {[%clk 0:04:33]} g1=Q {[%clk 0:01:48]} 79. a8=Q
{[%clk 0:04:59]} 1/2-1/2

[Event "Ch France 2018"]
[Site "?"]
[Date "2018.08.20"]
[Round "3.5"]
[White "Bacrot, Etienne"]
[Black "Maze, Sebastien"]
[Result "1-0"]
[BlackElo "2612"]
[WhiteElo "2699"]
[LiveChessVersion "1.4.8"]

1. e4 {[%clk 1:24:20]} c5 {[%clk 1:30:52]} 2. Nf3 {[%clk 1:24:03]} e6
{[%clk 1:31:19]} 3. d4 {[%clk 1:23:48]} cxd4 {[%clk 1:31:45]} 4. Nxd4
{[%clk 1:24:13]} Nc6 {[%clk 1:32:09]} 5. Nc3 {[%clk 1:24:32]} Qc7
{[%clk 1:32:33]} 6. Be3 {[%clk 1:23:38]} a6 {[%clk 1:32:55]} 7. Qf3
{[%clk 1:21:55]} Ne5 {[%clk 1:32:56]} 8. Qg3 {[%clk 1:20:41]} h5 {[%clk 1:33:15]}
9. f4 {[%clk 1:18:22]} Ng4 {[%clk 1:26:16]} 10. Bd2 {[%clk 1:05:50]} b5
{[%clk 1:08:20]} 11. h3 {[%clk 0:49:08]} N4f6 {[%clk 1:05:39]} 12. a3
{[%clk 0:46:43]} Bb7 {[%clk 1:03:25]} 13. Bd3 {[%clk 0:46:07]} h4
{[%clk 1:01:46]} 14. Qf2 {[%clk 0:42:04]} Bc5 {[%clk 0:53:01]} 15. Be3
{[%clk 0:37:04]} Rc8 {[%clk 0:51:27]} 16. e5 {[%clk 0:35:41]} Nd5
{[%clk 0:51:38]} 17. Nxd5 {[%clk 0:35:57]} Bxd5 {[%clk 0:52:03]} 18. b4
{[%clk 0:34:46]} Bxd4 {[%clk 0:50:28]} 19. Bxd4 {[%clk 0:34:51]} Ne7
{[%clk 0:49:42]} 20. Bc5 {[%clk 0:30:42]} Qc6 {[%clk 0:44:01]} 21. O-O-O
{[%clk 0:21:53]} g6 {[%clk 0:35:59]} 22. Rd2 {[%clk 0:12:17]} Be4
{[%clk 0:25:23]} 23. Rhd1 {[%clk 0:08:15]} Bxd3 {[%clk 0:24:01]} 24. Rxd3
{[%clk 0:08:44]} Nd5 {[%clk 0:18:00]} 25. Rd4 {[%clk 0:06:58]} Kd8
{[%clk 0:13:37]} 26. Qf3 {[%clk 0:03:50]} Rh5 {[%clk 0:12:00]} 27. Kb2
{[%clk 0:03:24]} Kc7 {[%clk 0:11:21]} 28. Rxd5 {[%clk 0:03:14]} exd5
{[%clk 0:11:49]} 29. Rxd5 {[%clk 0:03:38]} Re8 {[%clk 0:08:13]} 30. Qd3
{[%clk 0:03:10]} Re6 {[%clk 0:08:39]} 31. Bd6+ {[%clk 0:02:50]} Kb7
{[%clk 0:09:08]} 32. Bf8 {[%clk 0:02:30]} Qc4 {[%clk 0:01:48]} 33. Rxd7+
{[%clk 0:02:42]} Kc6 {[%clk 0:02:17]} 34. Qd2 {[%clk 0:01:43]} Kd5 1-0

[Event "Ch France 2018 - Vétérans"]
[Site "?"]
[Date "2018.08.20"]
[Round "3.1"]
[White "Prie, Eric"]
[Black "Decroix, Paloan"]
[Result "1-0"]
[BlackElo "1916"]
[WhiteElo "2480"]
[LiveChessVersion "1.4.4"]

1. d4 {[%clk 1:30:53]} Nf6 {[%clk 1:30:50]} 2. Nf3 {[%clk 1:31:13]} e6
{[%clk 1:30:21]} 3. Bf4 {[%clk 1:31:33]} b6 {[%clk 1:29:28]} 4. e3
{[%clk 1:31:55]} Bb7 {[%clk 1:29:40]} 5. Bd3 {[%clk 1:32:18]} Be7
{[%clk 1:28:52]} 6. h3 {[%clk 1:32:37]} c5 {[%clk 1:27:58]} 7. c3
{[%clk 1:32:53]} O-O {[%clk 1:27:57]} 8. Nbd2 {[%clk 1:31:17]} d5
{[%clk 1:28:06]} 9. Qe2 {[%clk 1:30:39]} Ne4 {[%clk 1:25:39]} 10. Rd1
{[%clk 1:26:18]} Nd7 {[%clk 1:23:39]} 11. O-O {[%clk 1:23:11]} c4
{[%clk 1:16:25]} 12. Bc2 {[%clk 1:20:01]} b5 {[%clk 1:16:02]} 13. Nxe4
{[%clk 1:18:48]} dxe4 {[%clk 1:15:52]} 14. Nd2 {[%clk 1:19:08]} f5
{[%clk 1:12:11]} 15. a4 {[%clk 1:18:55]} a6 {[%clk 1:11:07]} 16. b3
{[%clk 1:17:11]} cxb3 {[%clk 1:04:17]} 17. Bxb3 {[%clk 1:17:16]} Rf6
{[%clk 1:04:39]} 18. axb5 {[%clk 1:03:48]} axb5 {[%clk 1:04:17]} 19. Ra1
{[%clk 1:04:10]} Ba6 {[%clk 0:59:39]} 20. Ra2 {[%clk 1:03:18]} Nb6
{[%clk 0:56:51]} 21. Rfa1 {[%clk 1:03:31]} Qc8 {[%clk 0:52:07]} 22. Bg5
{[%clk 0:48:53]} Rf7 {[%clk 0:50:54]} 23. Rxa6 {[%clk 0:49:04]} Rxa6
{[%clk 0:46:47]} 24. Rxa6 {[%clk 0:48:10]} Qxa6 {[%clk 0:47:03]} 25. Bxe6
{[%clk 0:48:34]} Na4 {[%clk 0:30:26]} 26. Bxf7+ {[%clk 0:47:58]} Kxf7
{[%clk 0:30:42]} 27. Qh5+ {[%clk 0:47:15]} Qg6 {[%clk 0:27:14]} 28. Qxg6+
{[%clk 0:47:36]} hxg6 {[%clk 0:27:31]} 29. Bxe7 {[%clk 0:48:03]} Kxe7
{[%clk 0:27:46]} 30. c4 {[%clk 0:48:28]} b4 {[%clk 0:27:16]} 31. Kf1
{[%clk 0:46:57]} g5 {[%clk 0:27:04]} 32. Ke1 {[%clk 0:44:33]} Nc3
{[%clk 0:26:16]} 33. Nb3 {[%clk 0:43:52]} Kd6 {[%clk 0:25:19]} 34. Kd2
{[%clk 0:43:37]} f4 {[%clk 0:25:00]} 35. Kc2 {[%clk 0:43:25]} f3 {[%clk 0:24:51]}
36. gxf3 {[%clk 0:43:28]} exf3 {[%clk 0:25:07]} 37. Nd2 {[%clk 0:43:55]} 1-0

[Event "Ch France 2018 - Open B"]
[Site "?"]
[Date "2018.08.20"]
[Round "3.3"]
[White "Brouard, Gregoire"]
[Black "Berthaut, Alexandre"]
[Result "1-0"]
[BlackElo "1925"]
[WhiteElo "1898"]
[LiveChessVersion "1.4.8"]

1. d4 {[%clk 1:30:51]} b6 {[%clk 1:30:28]} 2. e4 {[%clk 1:30:52]} Bb7
{[%clk 1:30:58]} 3. Nc3 {[%clk 1:31:07]} e6 {[%clk 1:31:27]} 4. Bd3
{[%clk 1:31:08]} Nf6 {[%clk 1:31:56]} 5. Nge2 {[%clk 1:31:21]} d5
{[%clk 1:30:16]} 6. e5 {[%clk 1:27:36]} Ne4 {[%clk 1:30:45]} 7. O-O
{[%clk 1:05:21]} c5 {[%clk 1:28:34]} 8. Ng3 {[%clk 0:56:39]} cxd4
{[%clk 1:03:37]} 9. Ncxe4 {[%clk 0:48:58]} dxe4 {[%clk 1:03:51]} 10. Nxe4
{[%clk 0:49:23]} Be7 {[%clk 0:51:03]} 11. Qg4 {[%clk 0:40:49]} Kf8
{[%clk 0:42:23]} 12. f4 {[%clk 0:32:29]} Nd7 {[%clk 0:29:16]} 13. Qh5
{[%clk 0:19:02]} f5 {[%clk 0:22:02]} 14. exf6 {[%clk 0:14:19]} Nxf6
{[%clk 0:20:58]} 15. Nxf6 {[%clk 0:13:58]} Bxf6 {[%clk 0:20:04]} 16. b3
{[%clk 0:13:01]} Qd5 {[%clk 0:17:49]} 17. Ba3+ {[%clk 0:10:59]} Kg8
{[%clk 0:11:56]} 18. Qh3 {[%clk 0:10:28]} Qd7 {[%clk 0:03:04]} 19. Rae1
{[%clk 0:04:28]} Bd5 {[%clk 0:03:33]} 20. Re2 {[%clk 0:04:06]} Re8
{[%clk 0:03:01]} 21. Rfe1 {[%clk 0:03:56]} g6 {[%clk 0:02:38]} 22. g4
{[%clk 0:01:57]} Kg7 {[%clk 0:02:53]} 23. g5 {[%clk 0:02:09]} Bd8
{[%clk 0:02:56]} 24. Bb2 {[%clk 0:01:45]} Bc6 {[%clk 0:01:28]} 25. Rxe6
{[%clk 0:01:39]} Qd5 26. Rxe8 {[%clk 0:01:17]} Rxe8 {[%clk 0:00:58]} 27. Qh6+
{[%clk 0:00:40]} Kg8 {[%clk 0:00:34]} 28. Rxe8+ {[%clk 0:00:59]} Kh8 29. Qf8+
Bxe8 1-0

[Event "Ch France 2018"]
[Site "?"]
[Date "2018.08.21"]
[Round "4.1"]
[White "Gharamian, Tigran"]
[Black "Bauer, Christian"]
[Result "1/2-1/2"]
[BlackElo "2636"]
[WhiteElo "2614"]
[LiveChessVersion "1.4.8"]

1. e4 {[%clk 1:30:54]} Nc6 {[%clk 1:30:54]} 2. Nf3 {[%clk 1:31:02]} d6
{[%clk 1:31:08]} 3. d4 {[%clk 1:31:16]} Nf6 {[%clk 1:31:34]} 4. Nc3
{[%clk 1:31:10]} g6 {[%clk 1:31:58]} 5. d5 {[%clk 1:31:16]} Nb8 {[%clk 1:32:22]}
6. h3 {[%clk 1:31:32]} c6 {[%clk 1:27:24]} 7. a4 {[%clk 1:31:14]} Bg7
{[%clk 1:27:06]} 8. Bc4 {[%clk 1:30:23]} O-O {[%clk 1:25:21]} 9. O-O
{[%clk 1:30:30]} b6 {[%clk 1:20:49]} 10. Qe2 {[%clk 1:28:23]} Bb7
{[%clk 1:18:20]} 11. Rd1 {[%clk 1:23:27]} Qc7 {[%clk 1:13:57]} 12. Nd4
{[%clk 1:05:28]} a6 {[%clk 1:07:01]} 13. Bb3 {[%clk 1:02:02]} c5 {[%clk 1:00:20]}
14. Nf3 {[%clk 1:01:00]} Nbd7 {[%clk 1:00:40]} 15. Bc4 {[%clk 1:00:05]} Ne8
{[%clk 0:59:20]} 16. Nh2 {[%clk 0:44:10]} Ne5 {[%clk 0:48:54]} 17. Ba2
{[%clk 0:44:18]} b5 {[%clk 0:43:44]} 18. f4 {[%clk 0:39:50]} Nd7 {[%clk 0:39:26]}
19. axb5 {[%clk 0:38:14]} axb5 {[%clk 0:39:52]} 20. Nxb5 {[%clk 0:37:55]} Qb6
{[%clk 0:39:34]} 21. c3 {[%clk 0:28:31]} Ra4 {[%clk 0:25:38]} 22. Na3
{[%clk 0:26:19]} Nc7 {[%clk 0:24:39]} 23. Bc4 {[%clk 0:24:37]} Rfa8
{[%clk 0:20:58]} 24. Nf3 {[%clk 0:18:54]} Ba6 {[%clk 0:13:51]} 25. e5
{[%clk 0:15:18]} Qb8 {[%clk 0:08:47]} 26. Bxa6 {[%clk 0:12:23]} R4xa6
{[%clk 0:09:12]} 27. c4 {[%clk 0:12:00]} 1/2-1/2

[Event "Ch France 2018"]
[Site "?"]
[Date "2018.08.21"]
[Round "4.2"]
[White "Gozzoli, Yannick"]
[Black "Edouard, Romain"]
[Result "1/2-1/2"]
[BlackElo "2638"]
[WhiteElo "2596"]
[LiveChessVersion "1.4.8"]

1. d4 {[%clk 1:30:52]} Nf6 {[%clk 1:30:24]} 2. c4 {[%clk 1:31:07]} e6
{[%clk 1:30:42]} 3. Nf3 {[%clk 1:31:19]} d5 {[%clk 1:30:52]} 4. Nc3
{[%clk 1:29:22]} c5 {[%clk 1:26:56]} 5. cxd5 {[%clk 1:25:21]} cxd4
{[%clk 1:26:45]} 6. Qxd4 {[%clk 1:23:05]} exd5 {[%clk 1:26:22]} 7. e4
{[%clk 1:22:37]} Nc6 {[%clk 1:25:06]} 8. Bb5 {[%clk 1:21:48]} dxe4
{[%clk 1:24:41]} 9. Qxd8+ {[%clk 1:22:00]} Kxd8 {[%clk 1:25:05]} 10. Ng5
{[%clk 1:22:23]} Be6 {[%clk 1:25:27]} 11. O-O {[%clk 1:18:03]} Bb4
{[%clk 1:24:27]} 12. Ncxe4 {[%clk 1:16:25]} Nxe4 {[%clk 1:24:33]} 13. Nxe4
{[%clk 1:16:51]} Ke7 {[%clk 1:23:44]} 14. Be3 {[%clk 1:12:25]} Rhd8
{[%clk 1:23:05]} 15. Bxc6 {[%clk 1:10:50]} bxc6 {[%clk 1:21:50]} 16. a3
{[%clk 1:08:53]} Bd6 {[%clk 1:21:51]} 17. Nxd6 {[%clk 1:06:34]} Kxd6
{[%clk 1:21:43]} 18. Rfd1+ {[%clk 1:06:34]} Kc7 {[%clk 1:17:10]} 19. Rxd8
{[%clk 1:04:12]} Kxd8 {[%clk 1:17:10]} 20. Bd4 {[%clk 1:04:35]} f6
{[%clk 1:16:50]} 21. Re1 {[%clk 1:04:18]} Ke7 {[%clk 1:11:54]} 22. f3
{[%clk 1:03:29]} a5 {[%clk 1:11:41]} 23. Kf2 {[%clk 1:03:21]} Kf7
{[%clk 1:11:34]} 24. Bc3 {[%clk 1:02:36]} Bd5 {[%clk 1:07:43]} 25. Re3
{[%clk 1:00:23]} a4 {[%clk 1:07:04]} 26. Bb4 {[%clk 1:00:19]} Re8
{[%clk 1:06:15]} 27. Rxe8 {[%clk 1:00:29]} Kxe8 {[%clk 1:06:42]} 28. Bc5
{[%clk 1:00:52]} Bc4 {[%clk 1:06:56]} 29. Bb4 {[%clk 1:01:16]} Bd5
{[%clk 1:07:23]} 30. Bc5 {[%clk 1:01:41]} Bc4 {[%clk 1:07:50]} 31. Bb4
{[%clk 1:02:07]} 1/2-1/2

[Event "Ch France 2018"]
[Site "?"]
[Date "2018.08.21"]
[Round "4.3"]
[White "Bacrot, Etienne"]
[Black "Fressinet, Laurent"]
[Result "1/2-1/2"]
[BlackElo "2645"]
[WhiteElo "2699"]
[LiveChessVersion "1.4.8"]

1. e4 {[%clk 1:28:16]} e5 {[%clk 1:30:38]} 2. Nf3 {[%clk 1:28:36]} Nc6
{[%clk 1:30:59]} 3. Bc4 {[%clk 1:29:01]} Bc5 {[%clk 1:30:51]} 4. c3
{[%clk 1:29:21]} Nf6 {[%clk 1:31:16]} 5. d3 {[%clk 1:29:47]} a6 {[%clk 1:30:53]}
6. a4 {[%clk 1:27:39]} d6 {[%clk 1:30:34]} 7. O-O {[%clk 1:27:50]} Ba7
{[%clk 1:30:59]} 8. Re1 {[%clk 1:26:01]} O-O {[%clk 1:29:20]} 9. h3
{[%clk 1:25:51]} Ne7 {[%clk 1:29:38]} 10. d4 {[%clk 1:24:42]} Ng6 11. Nbd2 c6
{[%clk 1:25:59]} 12. Bf1 {[%clk 1:25:17]} Re8 {[%clk 1:23:15]} 13. Qc2
{[%clk 1:16:36]} d5 {[%clk 1:17:15]} 14. exd5 {[%clk 1:15:35]} exd4
{[%clk 1:17:01]} 15. Rxe8+ {[%clk 1:15:54]} Qxe8 {[%clk 1:17:28]} 16. Nxd4
{[%clk 1:15:51]} Bxd4 {[%clk 1:10:44]} 17. cxd4 {[%clk 1:15:13]} Nxd5
{[%clk 1:11:12]} 18. Nf3 {[%clk 1:10:23]} h6 {[%clk 1:05:43]} 19. Bd2
{[%clk 1:08:27]} Be6 {[%clk 1:02:03]} 20. Ne5 {[%clk 1:07:41]} Nde7
{[%clk 0:56:58]} 21. Ba5 {[%clk 1:02:40]} Qb8 {[%clk 0:50:11]} 22. Qc5
{[%clk 0:55:03]} Nd5 {[%clk 0:46:12]} 23. Nxg6 {[%clk 0:52:43]} fxg6
{[%clk 0:45:45]} 24. Re1 {[%clk 0:51:32]} Bf7 {[%clk 0:44:55]} 25. Bd2
{[%clk 0:47:18]} Qf8 {[%clk 0:43:38]} 26. Qc2 {[%clk 0:44:21]} Re8
{[%clk 0:41:45]} 27. Re5 {[%clk 0:43:22]} g5 {[%clk 0:38:32]} 28. Qe4
{[%clk 0:34:56]} Nf6 {[%clk 0:37:00]} 29. Qe1 {[%clk 0:31:57]} Qd6
{[%clk 0:33:29]} 30. Bc3 {[%clk 0:32:04]} Qd7 {[%clk 0:33:10]} 31. Be2
{[%clk 0:29:43]} Rxe5 {[%clk 0:24:03]} 32. dxe5 {[%clk 0:30:06]} Nd5
{[%clk 0:24:31]} 33. a5 {[%clk 0:30:29]} Nf4 {[%clk 0:23:58]} 34. Bf1
{[%clk 0:29:29]} Bd5 {[%clk 0:22:19]} 35. Bd2 {[%clk 0:17:33]} Ng6
{[%clk 0:18:34]} 36. Qe3 {[%clk 0:15:41]} Qf7 {[%clk 0:03:51]} 37. Qa7
{[%clk 0:11:40]} Nh4 {[%clk 0:02:00]} 38. f3 {[%clk 0:06:51]} Bc4
{[%clk 0:01:10]} 39. Qd4 {[%clk 0:03:38]} Bxf1 {[%clk 0:00:57]} 40. Kxf1
{[%clk 0:04:06]} Qb3 {[%clk 0:00:35]} 41. Kf2 {[%clk 0:29:06]} Ng6
{[%clk 0:27:16]} 1/2-1/2

[Event "Ch France 2018"]
[Site "?"]
[Date "2018.08.21"]
[Round "4.4"]
[White "Cornette, Matthieu"]
[Black "Loiseau, Quentin"]
[Result "1/2-1/2"]
[BlackElo "2417"]
[WhiteElo "2593"]
[LiveChessVersion "1.4.8"]

1. c4 {[%clk 1:30:54]} c6 {[%clk 1:30:42]} 2. Nf3 {[%clk 1:30:41]} d5
{[%clk 1:31:06]} 3. e3 {[%clk 1:30:56]} Nf6 {[%clk 1:31:27]} 4. Nc3
{[%clk 1:31:00]} e6 {[%clk 1:31:42]} 5. b3 {[%clk 1:31:08]} Bd6 {[%clk 1:31:55]}
6. Bb2 {[%clk 1:31:33]} O-O {[%clk 1:32:04]} 7. d4 {[%clk 1:31:03]} Nbd7
{[%clk 1:31:32]} 8. Bd3 {[%clk 1:31:17]} e5 {[%clk 1:30:15]} 9. cxd5
{[%clk 1:31:21]} cxd5 {[%clk 1:29:57]} 10. dxe5 {[%clk 1:31:47]} Nxe5
{[%clk 1:30:20]} 11. h3 {[%clk 1:32:10]} Re8 {[%clk 1:22:14]} 12. O-O
{[%clk 1:31:51]} a6 {[%clk 1:12:57]} 13. Nxe5 {[%clk 1:19:36]} Bxe5
{[%clk 1:12:39]} 14. Rb1 {[%clk 1:19:36]} Bb8 {[%clk 1:03:59]} 15. Ne2
{[%clk 1:10:13]} Ne4 {[%clk 0:56:31]} 16. Nf4 {[%clk 0:48:41]} Qg5
{[%clk 0:47:58]} 17. Bxe4 {[%clk 0:46:57]} dxe4 {[%clk 0:47:04]} 18. Qd2
{[%clk 0:45:18]} Rd8 {[%clk 0:36:29]} 19. Qc3 {[%clk 0:42:19]} Bxf4
{[%clk 0:34:39]} 20. exf4 {[%clk 0:42:45]} Qg6 {[%clk 0:35:04]} 21. Rbd1
{[%clk 0:33:59]} Bf5 {[%clk 0:24:32]} 22. Kh2 {[%clk 0:34:15]} h5
{[%clk 0:22:15]} 23. Rd4 {[%clk 0:33:31]} Rac8 {[%clk 0:19:16]} 24. Qa5
{[%clk 0:28:40]} Rxd4 {[%clk 0:17:56]} 25. Bxd4 {[%clk 0:29:08]} Qe6
{[%clk 0:17:08]} 26. Rd1 {[%clk 0:28:16]} Qd7 {[%clk 0:14:36]} 27. Bxg7
{[%clk 0:22:38]} Qxd1 {[%clk 0:14:54]} 28. Qxf5 {[%clk 0:23:06]} Kxg7
{[%clk 0:06:14]} 29. Qxc8 {[%clk 0:23:32]} Qd2 {[%clk 0:06:36]} 30. Qc7
{[%clk 0:23:35]} Qxa2 {[%clk 0:04:44]} 31. Qxb7 {[%clk 0:22:45]} Qxf2
{[%clk 0:04:43]} 32. Qxe4 {[%clk 0:23:12]} h4 {[%clk 0:04:45]} 33. b4
{[%clk 0:21:32]} Kf8 {[%clk 0:02:00]} 34. Qe5 {[%clk 0:20:31]} Kg8
{[%clk 0:01:29]} 35. Qg5+ {[%clk 0:18:18]} Kf8 {[%clk 0:01:47]} 36. Qe5
{[%clk 0:12:59]} Kg8 {[%clk 0:02:15]} 37. f5 {[%clk 0:06:10]} Kh7
{[%clk 0:02:37]} 38. Qe7 {[%clk 0:04:12]} Qf4+ {[%clk 0:02:24]} 39. Kg1
{[%clk 0:04:35]} Kg7 {[%clk 0:01:17]} 40. Kh1 {[%clk 0:02:32]} Qf1+
{[%clk 0:00:38]} 41. Kh2 {[%clk 0:02:37]} Qf4+ {[%clk 0:30:22]} 42. Kg1
{[%clk 0:33:03]} Qc1+ {[%clk 0:28:45]} 43. Kf2 {[%clk 0:33:28]} Qc2+
{[%clk 0:28:20]} 44. Ke3 {[%clk 0:30:41]} Qc3+ {[%clk 0:27:48]} 45. Ke4 1/2-1/2

[Event "Ch France 2018"]
[Site "?"]
[Date "2018.08.21"]
[Round "4.5"]
[White "Maze, Sebastien"]
[Black "Le Roux, Jean-Pierre"]
[Result "1-0"]
[BlackElo "2539"]
[WhiteElo "2612"]
[LiveChessVersion "1.4.8"]

1. e4 {[%clk 1:30:58]} e5 {[%clk 1:27:52]} 2. Nf3 {[%clk 1:31:23]} Nc6
{[%clk 1:28:15]} 3. Bc4 {[%clk 1:31:30]} Nf6 {[%clk 1:28:13]} 4. d3
{[%clk 1:31:56]} Bc5 {[%clk 1:24:57]} 5. O-O {[%clk 1:31:47]} O-O
{[%clk 1:23:14]} 6. h3 {[%clk 1:30:36]} a6 {[%clk 1:18:16]} 7. a4 h6
{[%clk 1:12:09]} 8. Re1 {[%clk 1:29:54]} d6 {[%clk 1:10:19]} 9. c3
{[%clk 1:29:57]} Be6 {[%clk 1:04:28]} 10. Nbd2 {[%clk 1:26:37]} Ba7
{[%clk 1:02:27]} 11. Nf1 {[%clk 1:26:16]} d5 {[%clk 0:57:37]} 12. exd5
{[%clk 1:26:26]} Bxd5 {[%clk 0:58:01]} 13. Bxd5 {[%clk 1:12:57]} Nxd5
{[%clk 0:44:47]} 14. Nxe5 {[%clk 0:59:51]} Nxe5 {[%clk 0:44:13]} 15. Rxe5
{[%clk 1:00:11]} Bxf2+ {[%clk 0:44:09]} 16. Kh1 {[%clk 1:00:38]} Re8
{[%clk 0:39:38]} 17. Rxe8+ {[%clk 0:59:08]} Qxe8 {[%clk 0:40:04]} 18. Bxh6
{[%clk 0:57:04]} Qe6 {[%clk 0:35:31]} 19. Qf3 {[%clk 0:54:38]} Qxh6
{[%clk 0:21:17]} 20. Qxf2 {[%clk 0:48:10]} Nf4 {[%clk 0:18:26]} 21. Qf3
{[%clk 0:48:16]} Rd8 {[%clk 0:11:07]} 22. d4 {[%clk 0:47:58]} c5 {[%clk 0:08:59]}
23. Ng3 {[%clk 0:18:52]} cxd4 {[%clk 0:08:08]} 24. Nf5 {[%clk 0:19:12]} Qg5
{[%clk 0:08:23]} 25. Nxd4 {[%clk 0:19:37]} Rd6 {[%clk 0:08:24]} 26. Rf1
{[%clk 0:19:39]} Rf6 {[%clk 0:08:32]} 27. Qxb7 {[%clk 0:20:01]} Kh7
{[%clk 0:05:30]} 28. Qe4+ {[%clk 0:15:15]} g6 {[%clk 0:05:29]} 29. Ne2
{[%clk 0:14:53]} Nh5 {[%clk 0:05:02]} 30. Rxf6 {[%clk 0:15:12]} 1-0

[Event "Ch France 2018 - Vétérans"]
[Site "?"]
[Date "2018.08.21"]
[Round "4.1"]
[White "Natale, Rodolphe"]
[Black "Prie, Eric"]
[Result "0-1"]
[BlackElo "2480"]
[WhiteElo "1826"]
[LiveChessVersion "1.4.4"]

1. e4 {[%clk 1:30:58]} d5 {[%clk 1:30:48]} 2. exd5 {[%clk 1:31:16]} Qxd5
{[%clk 1:31:07]} 3. Nc3 {[%clk 1:31:31]} Qa5 {[%clk 1:31:26]} 4. d4
{[%clk 1:31:32]} Nf6 {[%clk 1:31:46]} 5. Nf3 {[%clk 1:31:33]} Bf5
{[%clk 1:32:08]} 6. Bc4 {[%clk 1:31:15]} e6 {[%clk 1:32:29]} 7. Bd2
{[%clk 1:29:50]} Bb4 {[%clk 1:32:49]} 8. a3 {[%clk 1:18:47]} Bxc3
{[%clk 1:33:07]} 9. Bxc3 {[%clk 1:19:16]} Qb6 {[%clk 1:33:26]} 10. b3
{[%clk 1:11:23]} Nc6 {[%clk 1:31:17]} 11. h3 {[%clk 1:00:33]} O-O
{[%clk 1:20:06]} 12. O-O {[%clk 0:54:15]} Rfd8 {[%clk 1:19:39]} 13. Qe2
{[%clk 0:50:22]} Ne4 {[%clk 1:02:54]} 14. Bb2 {[%clk 0:49:45]} Nd6
{[%clk 1:03:12]} 15. Rad1 {[%clk 0:42:21]} a5 {[%clk 0:54:39]} 16. Rfe1
{[%clk 0:35:59]} a4 {[%clk 0:46:07]} 17. b4 {[%clk 0:35:30]} Nxb4
{[%clk 0:46:16]} 18. axb4 {[%clk 0:18:26]} Qxb4 {[%clk 0:43:27]} 19. Ne5
{[%clk 0:14:27]} Qxb2 {[%clk 0:41:45]} 20. g4 {[%clk 0:13:29]} Bg6
{[%clk 0:36:55]} 21. Nxg6 {[%clk 0:11:35]} hxg6 {[%clk 0:36:26]} 22. h4
{[%clk 0:08:50]} a3 {[%clk 0:32:45]} 23. h5 {[%clk 0:07:30]} gxh5
{[%clk 0:32:50]} 24. gxh5 {[%clk 0:05:46]} Nxc4 {[%clk 0:31:41]} 25. Qxc4
{[%clk 0:05:19]} a2 {[%clk 0:32:00]} 26. Ra1 {[%clk 0:04:46]} Rxd4
{[%clk 0:26:40]} 27. Qxc7 {[%clk 0:04:09]} Rg4+ {[%clk 0:26:38]} 28. Kf1
{[%clk 0:04:16]} Qb5+ {[%clk 0:26:47]} 29. Re2 {[%clk 0:04:45]} Rb4
{[%clk 0:26:12]} 30. c4 {[%clk 0:03:33]} Rb1+ {[%clk 0:26:26]} 31. Kg2
{[%clk 0:03:49]} Qg5+ {[%clk 0:26:39]} 32. Kf3 {[%clk 0:03:38]} Qxh5+
{[%clk 0:24:05]} 33. Ke3 {[%clk 0:04:03]} Rxa1 {[%clk 0:19:20]} 34. Rb2
{[%clk 0:03:35]} Ra3+ {[%clk 0:18:49]} 35. Kd4 {[%clk 0:03:39]} Rd1+
{[%clk 0:19:06]} 36. Ke4 {[%clk 0:04:05]} Qf5# 0-1